Loading...
| Fine Arts - Classical Music | 0 | 5 | 0 | 0 | 50 | 43 | 98.00 | 2 | 2 | 13.78 | 27.27 |
| History - World | 0 | 4 | 0 | 1 | 40 | 62 | 93.25 | 1 | 2 | 9.40 | 15.91 |
| Social Science | 0 | 3 | 0 | 2 | 30 | 82 | 113.67 | 0 | 1 | 2.66 | 8.59 |
| History - American | 0 | 3 | 0 | 0 | 30 | 89 | 100.00 | 0 | 1 | 4.69 | 11.87 |
| History - European | 0 | 3 | 0 | 0 | 30 | 81 | 97.33 | 0 | 3 | 6.76 | 20.45 |
| Geography/Current Events | 0 | 3 | 1 | 1 | 25 | 74 | 100.33 | 2 | 3 | 9.45 | 32.74 |
| Philosophy | 0 | 2 | 0 | 1 | 20 | 112 | 116.50 | 0 | 0 | 0.46 | 5.68 |
| Literature - American | 0 | 2 | 0 | 1 | 20 | 112 | 128.50 | 0 | 0 | 2.16 | 3.41 |
| Literature - European | 0 | 2 | 0 | 0 | 20 | 109 | 116.00 | 0 | 0 | 3.81 | 7.95 |
| Fine Arts - Other | 0 | 2 | 0 | 1 | 20 | 122 | 128.50 | 0 | 1 | 0.07 | 3.41 |
| Literature - World/Other | 0 | 1 | 0 | 0 | 10 | 143 | 143.00 | 0 | 0 | 0.00 | 2.27 |
| History - Other | 0 | 1 | 0 | 0 | 10 | 67 | 67.00 | 0 | 1 | 3.45 | 7.95 |
| Fine Arts - Visual | 0 | 0 | 0 | 0 | 0 | 0.00 | 0 | 0 | 0.00 | 0.00 |